Documentos sobre planeamiento integral de la educación chilena

Bewaard in:
Bibliografische gegevens
Formaat: Boek
Taal:Spaans
Gepubliceerd in: Santiago Comisión de Planeamiento de la Educación Chilena 1964
Reeks:Publicaciones de la Comisión de Planeamiento de la Educación Chilena, 4
Onderwerpen:
Tags: Voeg label toe
Geen labels, Wees de eerste die dit record labelt!

MARC

LEADER 00000nam a2200000 a 4500
001 UCZ7166
003 CL-VaPUC
008 951222e19640000CL |||||||||||||||||spa|d
082 0 4 |a 379.2  |b DOC  |2 21 
245 1 0 |a Documentos sobre planeamiento integral de la educación chilena 
246 1 0 |a Estructura de la administración superior de la educación 
246 1 0 |a Formación, capacitación, perfeccionamiento y carrera del personal de los servicios de educación 
246 1 0 |a Resolución del Consejo Nacional de Educación sobre Bachillerato 
246 1 0 |a Enfoque a la realidad bibliotecaria nacional 
246 1 0 |a Memorándum sobre educación agrícola 
246 1 0 |a organización de un Servicio Nacional de Orientación 
246 1 0 |a Labor realizada por la comisión de planeamiento de la educación 
300 |a 79 p 
942 |c BK 
945 |d 19951222 00:00:00  |a lriquelm 
260 |a Santiago  |b Comisión de Planeamiento de la Educación Chilena  |c 1964 
650 0 |a Planificación de la educación   |9 307333 
650 0 |a Estado y educación   |9 311264 
650 0 |a Innovaciones pedagógicas  |9 307471 
650 7 |a BIBLIOTECOLOGIA  |2 CL-VaPUC  |9 256929 
650 7 |a BIBLIOTECAS ESCOLARES  |2 CL-VaPUC  |9 334525 
650 0 |a PREPARACION PROFESIONAL DE PROFESORES  |9 343515 
650 0 |a Política educacional  |9 308011 
583 |a last modification  |c 19951222 00:00:00  |k Rodrigo Vera 
490 0 |a Publicaciones de la Comisión de Planeamiento de la Educación Chilena, 4 
999 |c 243283  |d 243281 
952 |0 0  |1 0  |4 0  |6 379_200000000000000_DOC_1964  |7 0  |8 P  |9 256835  |a BIBEDU  |b BIBEDU  |c BIBEDU_PB  |d 2019-11-19  |i 1613693  |o 379.2 DOC 1964  |p 1613693  |r 2024-01-25  |w 2019-11-19  |y BK  |k EDU